| 000 | 00584 a2200253 4500 | ||
|---|---|---|---|
| 260 | _aWageningen | ||
| 100 | _aKUYPERS, Hil | ||
| 700 | _aMOLLEMA, Anne | ||
| 700 | _aTOPPER, Egger | ||
| 260 | _bAgromisa | ||
| 245 | _aLa protection des sols contre l'érosion dans les tropiques | ||
| 300 | _a90 p. | ||
| 650 | _a<Sols-Protection-Erosion> | ||
| 260 | _c1997 | ||
| 300 | _bill. ; 21 cm. | ||
| 130 | _lFr. | ||
| 035 | _a12325 | ||
| 440 | _a(Agrodok) | ||
| 250 | _aEd. réed. | ||
| 020 | _a90-72746-21-X | ||
| 999 |
_c10598 _d10598 |
||